Normal view
MARC view
- Thakkar P Trans
Entry Personal Name
001 - CONTROL NUMBER
- control field: 24435
003 - CONTROL NUMBER IDENTIFIER
- control field: OSt
005 - DATE AND TIME OF LATEST TRANSACTION
- control field: 20220803172316.0
008 - FIXED-LENGTH DATA ELEMENTS
- fixed length control field: 220803|| aca||aabn | a|a d
040 ## - CATALOGING SOURCE
- Original cataloging agency: OSt
- Transcribing agency: OSt
100 ## - HEADING--PERSONAL NAME
- Personal name: Thakkar P Trans
670 ## - SOURCE DATA FOUND
- Source citation: Work cat.: (OSt)15422: Brunton P 24433, Rahasyamay Bharatacha Shodh, 2013